000 00659nam a2200241 a 4500
001 0001-1232
003 ELIB.Books
008 150529 2010 eng
020 _a0825434203
035 _a(ELIB.Books)0001-1387
092 _a264.23
_bOsb
100 _aOsbeck, Kenneth W.
245 _a101 More Hymn Stories:
_bThe Inspiring True Stories Behind 101 Favorite Hymns
260 _aGrand Rapids
_bKregel Publication
_c1985
300 _a327
_c20 Cm
500 _aC/o Moe Tarmalar Paw
650 _aHymn
856 _nKBTS: Library
_uKBTS: Elib
942 _2ddc
_cBK
990 _a5
998 _cbat
_e2015-05-29
999 _c11232
_d11232